| 000 | 01013nam0a22002771 4500 | ||
|---|---|---|---|
| 001 | rc\4865660 | ||
| 005 | 20250613022602.0 | ||
| 021 |
_aRU _b[62-13182] |
||
| 035 | _a(NLR Aleph) 008907361 | ||
| 090 |
_a8741494 _c8741494 |
||
| 100 | _a20130426d1962 |||y0rusy50 ca | ||
| 101 | 1 |
_arus _crum |
|
| 102 | _aRU | ||
| 105 | _aa j ||||| | ||
| 200 | 1 |
_aГеометрия _eУчебник для 6 класса школ Рум. Нар. Республики _eПособие для учителей _fПер. с рум. Б. Туржанского |
|
| 210 |
_aМосква _cУчпедгиз _d1962 |
||
| 215 |
_a239 с. _cил. _d22 |
||
| 300 | _aПеред загл. авт.: А. Холлингер, заслуж. препод. РНР | ||
| 606 |
_aГеометрия _jМетодические пособия _2psbo |
||
| 700 | 1 |
_aХоллингер _bА. |
|
| 702 | 1 |
_aТуржанский _bБ. _4730 |
|
| 801 | 0 |
_aRU _bNLR _gpsbo |
|
| 801 | 1 |
_aRU _bELAR _2rusmarc |
|
| 852 |
_aNLR _j62-5/1351 |
||
| 942 | _cBOOK | ||
| 980 | _aNB | ||